| 000 | 00460cam a2200169ua 4500 | ||
|---|---|---|---|
| 020 | _a0-416-31830-4 | ||
| 041 |
_aeng _h |
||
| 082 |
_a630.209 _bBOW/AG |
||
| 100 | _aBowers, J.K. | ||
| 245 |
_aAgriculture, the country side and land use: An economic critique / _cJ.K.Bowers. _hTextual Documents |
||
| 260 |
_aLondon : _bMethuen and Co. Ltd , _c1983. |
||
| 300 | _a169 ; . | ||
| 504 | _a | ||
| 700 | 1 | _aCheshire, Paul . | |
| 942 | _cBK | ||
| 999 |
_c7708 _d7708 |
||